| 000 | 01100cam a22002891 4500 | ||
|---|---|---|---|
| 001 | af 47005347 | ||
| 003 | DLC | ||
| 005 | 20260227110831.0 | ||
| 008 | 770314s1946 fr abce b 000 0 fre c | ||
| 010 | _aaf 47005347 | ||
| 035 | _a(OCoLC)2800825 | ||
| 040 |
_aHarvard Univ. Library _cNAlfC _dOCoLC _dDLC |
||
| 042 | _apremarc | ||
| 050 | 0 | 0 |
_aNA1053.L4 _bR3 |
| 082 | _a720.81 | ||
| 100 | 1 | _aRaval, Marcel Hubert. | |
| 245 | 0 | 0 |
_aClaude-Nicolas Ledoux, 1736-1806; _ccommentaires, cartes et croquis de J.-Ch. Moreux ... 406 photos et documents ... |
| 260 |
_aParis, _bArts et métiers graphiques _c[1946] |
||
| 300 |
_a242 p., 6 l. incl. front., illus. (incl. facsims.) plates (part double) maps, plans (part double) plates, ports. _c27 x 22 cm. |
||
| 490 | 0 |
_a"Les Architectes français," collection dirigée par Marcel Raval. _vt. I |
|
| 500 | _aAt head of title: ... Marcel Raval. | ||
| 500 | _a"Copyright 1945." | ||
| 504 | _a"Bibliographie": p. [243]-[245] | ||
| 600 | 1 | 0 |
_aLedoux, Claude Nicolas, _d1736-1806. |
| 650 | 0 |
_aArchitecture _zFrance. |
|
| 700 | 1 |
_aMoreux, Jean-Charles, _d1889- |
|
| 999 |
_c3068 _d3068 |
||